000 00279nam a22001097a 4500
008 240627b |||||||| |||| 00| 0 eng d
100 _aRcid, Gardon
_916039
245 _aPolitics of Financial Control
260 _aLondon:
_bHutchinson Pub;
_c1966.
300 _a176p.
942 _cBK
999 _c39725
_d39725